開幕スタメン経験のある現役選手(2026) - Statistics

General Stats
  • This quiz has been taken 47 times
  • The average score is 168 of 247
Answer Stats
現所属 初開幕スタメン Answer % Correct
阪神 7番捕手(2024) 坂本誠志郎
100%
巨人 8番二塁手(2008) 坂本勇人
100%
阪神 9番投手(2025) 村上頌樹
97%
楽天 投手(2013) 岸孝之
94%
阪神 1番遊撃手(2019) 木浪聖也
91%
阪神 2番中堅手(2019) 近本光司
91%
阪神 2番遊撃手(2022) 中野拓夢
91%
DeNA 3番一塁手(2021) 牧秀悟
91%
巨人 2番中堅手(2013) 丸佳浩
91%
巨人 9番捕手(2018) 甲斐拓也
91%
巨人 7番捕手(2021) 大城卓三
91%
巨人 5番捕手(2026) 岸田行倫
91%
中日 2番二塁手(2025) 山本泰寛
91%
ヤクルト 1番二塁手(2014) 山田哲人
91%
ソフトバンク 7番捕手(2024) 山本祐大
91%
オリックス 7番三塁手(2018) 大城滉二
91%
ロッテ 7番中堅手(2017) 岡大海
91%
阪神 7番捕手(2015) 梅野隆太郎
88%
阪神 投手(2018) 西勇輝
88%
阪神 6番右翼手(2021) 佐藤輝明
88%
阪神 6番右翼手(2023) 森下翔太
88%
DeNA 9番投手(2022) 東克樹
88%
DeNA 8番遊撃手(2023) 森敬斗
88%
巨人 8番捕手(2015) 小林誠司
88%
巨人 2番右翼手(2025) キャベッジ
88%
中日 7番三塁手(2016) 高橋周平
88%
中日 7番三塁手(2022) 石川昂弥
88%
中日 9番投手(2024) 柳裕也
88%
広島 8番投手(2025) 森下暢仁
88%
広島 2番右翼手(2026) 中村奨成
88%
ヤクルト 9番投手(2005) 石川雅規
88%
ヤクルト 8番捕手(2013) 中村悠平
88%
ヤクルト 8番二塁手(2026) 伊藤琉偉
88%
ソフトバンク 9番一塁手(2014) 中村晃
88%
日本ハム 投手(2024) 伊藤大海
88%
オリックス 6番指名打者(2015) 森友哉
88%
楽天 8番捕手(2011) 伊藤光
88%
楽天 8番三塁手(2023) 伊藤裕季也
88%
西武 5番三塁手(2006) 中村剛也
88%
ロッテ 9番二塁手(2016) 中村奨吾
88%
ロッテ 投手(2021) 石川柊太
88%
ロッテ 5番一塁手(2022) 佐藤都志也
88%
阪神 6番三塁手(2018) 大山悠輔
84%
阪神 6番左翼手(2024) 前川右京
84%
巨人 投手(2012) 田中将大
84%
巨人 2番二塁手(2018) 吉川尚輝
84%
中日 2番二塁手(2024) 田中幹也
84%
中日 5番右翼手(2024) 細川成也
84%
ソフトバンク 2番遊撃手(2013) 今宮健太
84%
ソフトバンク 7番捕手(2015) 近藤健介
84%
楽天 1番中堅手(2019) 田中和基
84%
阪神 8番遊撃手(2023) 小幡竜平
81%
DeNA 5番三塁手(2018) 宮﨑敏郎
81%
DeNA 4番左翼手(2020) 佐野恵太
81%
巨人 1番中堅手(2024) 佐々木俊輔
81%
巨人 3番遊撃手(2026) 泉口友汰
81%
広島 1番二塁手(2013) 菊池涼介
81%
広島 9番投手(2019) 大瀬良大地
81%
広島 4番一塁手(2026) 佐々木泰
81%
広島 9番投手(2026) 床田寛樹
81%
ヤクルト 5番右翼手(2022) サンタナ
81%
ヤクルト 7番一塁手(2022) オスナ
81%
ソフトバンク 7番中堅手(2013) 柳田悠岐
81%
ソフトバンク 7番一塁手(2016) 山川穂高
81%
日本ハム 2番二塁手(2013) 西川遥輝
81%
オリックス 3番左翼手(2019) 西川龍馬
81%
西武 9番左翼手(2021) 西川愛也
81%
ロッテ 3番二塁手(2019) ソト
81%
ロッテ 3番右翼手(2022) ポランコ
81%
ロッテ 1番左翼手(2025) 西川史礁
81%
DeNA 6番三塁手(2013) 筒香嘉智
78%
中日 9番投手(2025) 髙橋宏斗
78%
広島 9番中堅手(2011) 秋山翔吾
78%
ヤクルト 9番投手(2014) 小川泰弘
78%
ヤクルト 5番中堅手(2020) 塩見泰隆
78%
ヤクルト 8番捕手(2022) 古賀優大
78%
ソフトバンク 8番捕手(2026) 海野隆司
78%
日本ハム 投手(2017) 有原航平
78%
日本ハム 5番一塁手(2023) 清宮幸太郎
78%
日本ハム 6番指名打者(2024) レイエス
78%
日本ハム 9番捕手(2024) 田宮裕涼
78%
西武 2番中堅手(2015) 桑原将志
78%
西武 7番二塁手(2019) 石井一成
78%
西武 投手(2021) 髙橋光成
78%
西武 8番捕手(2024) 古賀悠斗
78%
ロッテ 9番遊撃手(2025) 小川龍成
78%
DeNA 7番遊撃手(2017) 京田陽太
75%
巨人 投手(2013) 則本昂大
75%
巨人 2番左翼手(2021) 松本剛
75%
巨人 2番遊撃手(2024) 門脇誠
75%
巨人 9番投手(2024) 戸郷翔征
75%
巨人 4番一塁手(2026) ダルベック
75%
中日 投手(2008) 涌井秀章
75%
中日 1番中堅手(2010) 大島洋平
75%
中日 9番投手(2016) 大野雄大
75%
中日 2番右翼手(2022) 岡林勇希
75%
広島 7番捕手(2015) 會澤翼
75%
広島 3番遊撃手(2022) 小園海斗
75%
広島 4番一塁手(2025) モンテロ
75%
広島 6番左翼手(2025) ファビアン
75%
ソフトバンク 1番二塁手(2019) 牧原大成
75%
ソフトバンク 1番中堅手(2024) 周東佑京
75%
ソフトバンク 3番左翼手(2026) 柳町達
75%
日本ハム 8番三塁手(2020) 野村佑希
75%
日本ハム 7番右翼手(2023) 万波中正
75%
日本ハム 4番三塁手(2026) 郡司裕也
75%
オリックス 9番遊撃手(2021) 紅林弘太郎
75%
楽天 7番一塁手(2011) 浅村栄斗
75%
楽天 9番中堅手(2020) 辰己涼介
75%
西武 1番右翼手(2006) 栗山巧
75%
ロッテ 1番中堅手(2019) 藤原恭大
75%
DeNA 4番一塁手(2016) ビシエド
72%
中日 7番捕手(2021) 木下拓哉
72%
中日 7番捕手(2026) 石伊雄太
72%
広島 7番右翼手(2024) 田村俊介
72%
広島 2番遊撃手(2025) 矢野雅哉
72%
ヤクルト 9番投手(2026) 吉村貢司郎
72%
ソフトバンク 投手(2019) 上沢直之
72%
日本ハム 9番遊撃手(2015) 中島卓也
72%
オリックス 8番捕手(2017) 若月健矢
72%
オリックス 1番中堅手(2018) 宗佑磨
72%
オリックス 投手(2024) 宮城大弥
72%
楽天 7番右翼手(2026) 中島大輔
72%
西武 9番遊撃手(2017) 源田壮亮
72%
ロッテ 8番捕手(2015) 田村龍弘
72%
ロッテ 4番三塁手(2021) 安田尚憲
72%
阪神 6番左翼手(2026) 中川勇斗
69%
中日 9番右翼手(2017) 上林誠知
69%
広島 7番三塁手(2012) 堂林翔太
69%
広島 5番三塁手(2022) 坂倉将吾
69%
日本ハム 9番遊撃手(2022) 水野達稀
69%
日本ハム 1番左翼手(2026) 水谷瞬
69%
オリックス 5番三塁手(2020) 中川圭太
69%
オリックス 2番二塁手(2021) 太田椋
69%
楽天 8番捕手(2020) 太田光
69%
楽天 2番遊撃手(2025) 宗山塁
69%
西武 8番捕手(2006) 炭谷銀仁朗
69%
西武 投手(2026) 渡邉勇太朗
69%
ロッテ 2番遊撃手(2018) 藤岡裕大
69%
ロッテ 2番遊撃手(2022) 山﨑剛
69%
阪神 7番遊撃手(2018) 糸原健斗
66%
DeNA 8番捕手(2016) 戸柱恭孝
66%
DeNA 2番三塁手(2023) 林琢真
66%
中日 8番捕手(2019) 加藤匠馬
66%
中日 6番一塁手(2026) サノー
66%
ヤクルト 6番遊撃手(2022) 長岡秀樹
66%
ソフトバンク 投手(2020) 東浜巨
66%
ソフトバンク 8番捕手(2021) 嶺井博希
66%
ソフトバンク 9番捕手(2025) 谷川原健太
66%
日本ハム 投手(2022) 北山亘基
66%
日本ハム 2番遊撃手(2023) 上川畑大悟
66%
日本ハム 投手(2023) 加藤貴之
66%
オリックス 5番三塁手(2019) 頓宮裕真
66%
オリックス 6番右翼手(2021) 杉本裕太郎
66%
楽天 9番投手(2010) 前田健太
66%
楽天 3番指名打者(2026) ボイト
66%
西武 9番遊撃手(2016) 外崎修汰
66%
西武 5番左翼手(2025) 渡部聖弥
66%
ロッテ 2番左翼手(2013) 角中勝也
66%
DeNA 9番投手(2017) 石田健大
63%
DeNA 1番右翼手(2024) 度会隆輝
63%
巨人 8番三塁手(2025) リチャード
63%
巨人 9番投手(2026) 竹丸和幸
63%
中日 7番遊撃手(2025) 村松開人
63%
ヤクルト 9番投手(2025) 奥川恭伸
63%
日本ハム 8番捕手(2018) 清水優心
63%
日本ハム 9番中堅手(2023) 五十幡亮汰
63%
楽天 7番遊撃手(2014) 鈴木大地
63%
楽天 2番遊撃手(2021) 小深田大翔
63%
西武 8番二塁手(2026) 滝澤夏央
63%
西武 9番捕手(2026) 小島大河
63%
ロッテ 投手(2023) 小島和哉
63%
DeNA 9番投手(2021) 藤浪晋太郎
59%
巨人 8番二塁手(2026) 浦田俊輔
59%
広島 6番中堅手(2019) 野間峻祥
59%
ヤクルト 9番投手(2023) 青柳晃洋
59%
ヤクルト 5番右翼手(2026) 増田珠
59%
ソフトバンク 2番一塁手(2020) 栗原陵矢
59%
日本ハム 6番指名打者(2023) マルティネス
59%
オリックス 投手(2019) 山岡泰輔
59%
楽天 9番遊撃手(2024) 村林一輝
59%
楽天 投手(2024) 早川隆久
59%
西武 1番右翼手(2025) 長谷川信哉
59%
ロッテ 投手(2026) 毛利海大
59%
DeNA 6番中堅手(2024) 梶原昂希
56%
DeNA 6番右翼手(2025) 蝦名達夫
56%
中日 7番二塁手(2019) 阿部寿樹
56%
中日 7番二塁手(2023) 福永裕基
56%
中日 3番左翼手(2025) カリステ
56%
広島 1番中堅手(2026) 平川蓮
56%
ヤクルト 2番中堅手(2025) 岩田幸宏
56%
ソフトバンク 投手(2023) 大関友久
56%
日本ハム 1番左翼手(2025) 矢澤宏太
56%
オリックス 9番二塁手(2016) 西野真弘
56%
オリックス 投手(2023) 山下舜平大
56%
西武 3番一塁手(2025) ネビン
56%
ロッテ 5番指名打者(2021) 山口航輝
56%
ロッテ 1番左翼手(2022) 髙部瑛斗
56%
ロッテ 8番捕手(2022) 松川虎生
56%
DeNA 1番二塁手(2022) 三森大貴
53%
DeNA 8番遊撃手(2024) 石上泰輝
53%
巨人 2番右翼手(2024) 若林楽人
53%
巨人 6番右翼手(2026) 中山礼都
53%
広島 7番右翼手(2022) 末包昇大
53%
ヤクルト 6番遊撃手(2016) 茂木栄五郎
53%
ヤクルト 6番二塁手(2025) 赤羽由紘
53%
日本ハム 7番遊撃手(2026) 山縣秀
53%
オリックス 4番一塁手(2026) シーモア
53%
ソフトバンク 7番二塁手(2025) ダウンズ
50%
日本ハム 1番三塁手(2019) 淺間大基
50%
オリックス 7番遊撃手(2019) 廣岡大志
50%
オリックス 9番投手(2024) 九里亜蓮
50%
楽天 投手(2026) 荘司康誠
50%
ロッテ 8番三塁手(2025) 上田希由翔
50%
ロッテ 5番三塁手(2026) 寺地隆成
50%
DeNA 2番右翼手(2021) 関根大気
47%
広島 8番遊撃手(2026) 勝田成
47%
楽天 8番指名打者(2021) 小郷裕哉
47%
ロッテ 9番遊撃手(2024) 友杉篤輝
47%
DeNA 7番二塁手(2016) 柴田竜拓
44%
DeNA 5番右翼手(2026) ヒュンメル
44%
日本ハム 投手(2025) 金村尚真
44%
楽天 5番三塁手(2026) 黒川史陽
44%
阪神 9番二塁手(2025) 元山飛優
41%
ロッテ 7番二塁手(2026) 池田来翔
41%
DeNA 7番右翼手(2018) 神里和毅
38%
中日 8番遊撃手(2023) 土田龍空
38%
ヤクルト 7番右翼手(2023) 内山壮真
38%
ソフトバンク 5番中堅手(2023) 正木智也
38%
日本ハム 9番投手(2021) 福谷浩司
38%
日本ハム 8番二塁手(2024) 奈良間大己
38%
楽天 4番左翼手(2026) マッカスカー
38%
西武 6番捕手(2023) 柘植世那
38%
楽天 8番捕手(2022) YG安田
38%
中日 9番捕手(2020) 宇佐見真吾
34%
広島 1番右翼手(2025) 二俣翔一
34%
オリックス 1番遊撃手(2023) 野口智哉
34%
西武 7番遊撃手(2023) 山村崇嘉
31%
西武 4番右翼手(2026) カナリオ
31%
阪神 1番中堅手(2023) 濱田太貴
28%
日本ハム 1番左翼手(2022) 今川優馬
28%
西武 8番右翼手(2023) 茶野篤政
28%
西武 9番三塁手(2022) 平沢大河
25%
ロッテ 8番右翼手(2022) 愛斗
22%
中日 8番左翼手(2021) 根尾昂
19%
中日 6番一塁手(2022) 知野直人
19%
オリックス 9番左翼手(2023) 来田涼斗
16%
No matching quizzes found
Score Distribution
Percent of People with Each Score
Percentile by Number Answered
Your Score History
You have not taken this quiz